Score 0/245 Timer 09:00
0 Plays Today
% Correct
          I          /                     
95.6%
          I          /                     
95.6%
          I          /                     
95.6%
          I          /                     
95.6%
          I          /                     
95.6%
          I          /                     
95.6%
          I          /                     
95.6%
          I          /                     
95.6%
          I          /                     
95.6%
          I          /                     
95.6%
          I          /                     
95.6%
                     /          I          
95.6%
                     /          I          
95.6%
                     /          I          
95.6%
                     /          I          
95.6%
                     /          I          
95.6%
       still        /          I          
95.6%
                     /          I          
95.6%
          I          /                     
95.6%
                     /          I          
95.6%
          I          /      want      
95.6%
          I          /       now       
95.6%
                     /         a          
95.1%
                     /         a          
95.1%
       still        /       You       
94.5%
       You       /     sleep      
94.4%
       live        /       You       
94%
       you       /                     
93.7%
       you       /                     
93.7%
       you       /                     
93.7%
       You       /                     
93.7%
       You       /                     
93.7%
                     /       you       
93.7%
                     /       you       
93.7%
                     /       you       
93.7%
                     /      you?      
93.7%
                     /       you       
93.7%
                     /       you       
93.7%
                     /       you       
93.7%
                     /       you       
93.7%
                     /       you       
93.7%
                     /       you       
93.7%
     return     /       You       
93.7%
       The       /                     
91.3%
                     /       the        
91.3%
                     /       the        
91.3%
       and       /       cry        
87.7%
        he         /                     
87.5%
      long       /       and       
87.2%
       And       /                     
86.6%
       and       /                     
86.6%
                     /       And       
86.6%
       live        /        be         
86%
      night      /                     
85.7%
                     /      night      
85.7%
                     /      night      
85.7%
       will        /       now       
85.2%
                     /       me        
84.5%
                     /       me        
84.5%
                     /       me        
84.5%
    believe    /       with       
84.3%
       will        /                     
83.3%
       will        /                     
83.3%
       will        /                     
83.3%
       will        /                     
83.3%
                     /       will        
83.3%
                     /       will        
83.3%
                     /       will        
83.3%
       my        /                     
83%
       my        /                     
83%
        My        /                     
83%
                     /        My        
83%
       Last       /                     
82.9%
                     /       Last       
82.9%
     know      /                     
82.6%
     know      /                     
82.6%
     know      /                     
82.6%
     know      /                     
82.6%
     know      /                     
82.6%
                     /     know      
82.6%
     know      /                     
82.6%
         to         /                     
82.5%
% Correct
                     /         to         
82.5%
                     /         to         
82.5%
                     /         to         
82.5%
                     /        so         
82.2%
       Still       /                     
81.8%
       still        /                     
81.8%
       still        /                     
81.8%
       still        /                     
81.8%
       still        /                     
81.8%
       still        /                     
81.8%
                     /       still        
81.8%
                     /       still        
81.8%
                     /       still        
81.8%
       can        /                     
81.6%
                     /       can        
81.6%
       can        /                     
81.6%
                     /       can        
81.6%
                     /       can        
81.6%
       that       /                     
81.3%
                     /       that       
81.3%
    believe    /                     
80.8%
    believe    /                     
80.8%
                     /    believe    
80.8%
                     /         it          
80.5%
                     /         it          
80.5%
       are        /                     
80.2%
                     /       are        
80.2%
       him       /                     
79%
       him       /                     
79%
       him       /                     
79%
     heard     /                     
78.4%
                     /     heard     
78.4%
     name      /                     
78%
                     /     name      
78%
                     /         of         
77.7%
     yours      /        for        
77.6%
       was       /                     
77.4%
       was       /                     
77.4%
       Kim       /                     
77.2%
     return     /                     
77%
     return     /                     
77%
     return     /                     
77%
  believing  /      What      
77%
                     /       like        
76.9%
       But        /                     
76.8%
     when      /                     
76.8%
                     /       But        
76.8%
                     /     when      
76.8%
   sleeping   /                     
76.3%
                     /   sleeping   
76.3%
     heart      /                     
75.3%
                     /     heart      
75.3%
       For        /                     
75.2%
       I'm        /       now       
75.1%
                     /     more      
74.8%
                     /     more      
74.8%
                     /     more      
74.8%
      here       /                     
74%
                     /      here       
74%
      Love      /                     
73.3%
                     /      what      
73.3%
                     /      what      
73.3%
   watched   /                     
72.8%
                     /   watched   
72.8%
        we        /        we        
72.5%
                     /  sounded   
72.3%
                     /      hold       
72.3%
        I'll         /       hell        
72.1%
        as         /      don't      
72%
     years      /                     
71.7%
        all         /                     
71.5%
      keep      /                     
71.5%
        I'll         /                     
71.5%
        I'll         /                     
71.5%
                     /        I'll         
71.5%
                     /        all         
71.5%
                     /        all         
71.5%
                     /        all         
71.5%
      keep      /                     
71.5%
        I'll         /                     
71.5%
       ago       /                     
71%
                     /     never     
71%
% Correct
                     /     never     
71%
       this        /                     
70.8%
                     /     Chris      
70.8%
     speak     /                     
70.6%
      then       /                     
70.5%
                     /      than       
70.5%
                     /     came      
70.3%
                     / nightmare 
70%
                     /         is         
69.9%
       why       /                     
69.7%
       why       /                     
69.7%
                     /      word      
69.5%
                     /     come      
69.4%
       Yes        /                     
68.9%
       Yes        /                     
68.9%
                     /      hurts      
68.9%
      body      /                     
68.7%
        die        /                     
68.7%
        die        /        die        
68.7%
        as         /                     
68.4%
        as         /                     
68.4%
                     /      Once      
68.4%
        as         /                     
68.4%
                     /       I'm        
68%
                     /       I'm        
68%
                     /        us         
67.9%
      long       /                     
67.8%
                     /      time       
67.8%
                     /   nothing    
67.8%
                     /   nothing    
67.8%
                     /       cry        
67.6%
                     /      your       
67.2%
                     /      your       
67.2%
                     /   forever    
67.1%
                     /       part       
67%
  believing  /                     
66.3%
                     /     share      
66.3%
                     /     there      
65.3%
                     /       out        
65.2%
                     /      bear       
65.2%
                     /    what's     
65.2%
   pressed   /                     
64.6%
     holds      /                     
64.6%
                     /     holds      
64.6%
                     /  haunting   
64.1%
 moonlight  /                     
63.8%
                     / something 
63.6%
                     /     apart      
63.6%
       live        /                     
63.4%
       live        /                     
63.4%
                     /   knowing   
63.3%
                     /       It's        
62.9%
    started    /                     
60.6%
                     /     keeps     
60.6%
  speaking  /                     
60.2%
                     /       too        
60.1%
     room      /                     
60%
                     /       fear       
60%
      until       /      until       
59.9%
                     /      need      
58.7%
                     /       wife       
58.3%
     alone      /                     
57.4%
       fills        /                     
57%
                     /      right       
56.9%
                     /      want      
56.7%
                     /     make      
56.6%
                     /     Won't      
56.2%
                     /        let         
56%
    cannot     /                     
54.6%
    against    /                     
54.5%
      odds      /                     
53.9%
                     /     inside     
53.6%
                     /     hide?      
53.4%
                     /        life        
53.1%
                     /      over       
51.1%
                     /      safe       
51.1%
                     /        tell        
50.8%
                     /        tell        
50.8%
                     /      must      
44.6%
                     /     could      
41.5%
                     /      wish       
39.1%

You're not logged in!

Compare scores with friends on all Sporcle quizzes.
OR
Log In

Sporcle TV

Today on Sporcle TV


Watch our educational content, quiz creation guides, and fun videos on Sporcle TV.

Show Comments

Extras

Top Quizzes Today


Score Distribution

Paid Content

Your Account Isn't Verified!

In order to create a playlist on Sporcle, you need to verify the email address you used during registration. Go to your Sporcle Settings to finish the process.

Report this User

Report this user for behavior that violates our Community Guidelines.

Details: